| 000 | 00768cam a22002531 4500 | ||
|---|---|---|---|
| 001 | sa 67002653 | ||
| 003 | DLC | ||
| 005 | 20260227112332.0 | ||
| 008 | 861119s1966 ii f000 0 eng | ||
| 010 | _asa 67002653 | ||
| 025 | _aPL480:I-E-7081 | ||
| 035 | _a(OCoLC)14769037 | ||
| 040 |
_aDLC _cWaU _dWaU _dDLC |
||
| 043 | _aa-ii--- | ||
| 050 | 0 | 0 |
_aHG3971 _b.C5 |
| 082 | _a332.4/5/0954 | ||
| 100 | 1 |
_aChowdhury, P. N., _d1925- |
|
| 245 | 1 | 2 |
_aA study on the conservation of foreign exchange by the national laboratories, _cby P. N. Chowdhury. |
| 260 |
_aNew Delhi, _bCouncil of Scientific & Industrial Research _c[1966] |
||
| 300 |
_a15 p. _c26 cm. |
||
| 650 | 0 |
_aForeign exchange _zIndia. |
|
| 650 | 0 |
_aResearch _zIndia. |
|
| 650 | 0 |
_aFinance _xResearch _zIndia. |
|
| 999 |
_c73355 _d73355 |
||